Najwięksi i najbardziej znani producenci samolotów - Statystyki

Ogólne statystyki
  • Ten quiz został rozwiązany 97 razy
  • Średni wynik to 3 z 5
Statystyki odpowiedzi
Podpowiedź
Samolot % Poprawnych
Jest to ogromny, amerykański koncern lotniczy, który zajmuje się produkcją samolotów pasażerskich, a także wojskowych Boeing
98%
Był posiadaczem pierwszego dwusilnikowego szerokokadłubowego samolotu pasażerskiego na świecie Airbus
94%
Jest to brazylijski producent samolotów lotniczych Embraer
66%
W 1911 roku wybudował drewniany samolot, którym przeleciał pomiędzy rzeką Missisipi oraz Górami Skalistymi Cessna
20%
Pierwszym odbiorcą i zarazem użytkownikiem nowo powstałego samolotu było francuskie towarzystwo lotnicze Air Littoral ATR
18%
Nie znaleziono quizów pasujących do podanych kryteriów
Rozkład punktacji
Procent ludzi z każdym wynikiem
Percentyl według liczby udzielonych odpowiedzi
Twoja historia wyników
Nie rozwiązałeś tego quizu